| 000 | 00460nam a2200169 i 4500 | ||
|---|---|---|---|
| 001 | 52363 | ||
| 003 | ES-MaACL | ||
| 005 | 20230906162553.0 | ||
| 007 | t| | ||
| 008 | 030828s1935 fr ||||1| fre d | ||
| 100 | 1 |
_aDaudet, Léon. _942803 |
|
| 245 | 1 | 2 |
_aL'hérédo _b: essai sur le drame interieur / _cLéon Daudet. |
| 250 | _a2ª ed. | ||
| 260 |
_aParis : _b[s.n.], _c1935 ( _fFloch A. mayenne) |
||
| 300 |
_a265 p. ; _c19 cm. |
||
| 852 |
_aES-MaACL _jA-3334 |
||
| 999 |
_c52363 _d52363 |
||